សិក្សាការបំផ្លាញនៃមូសផ្លុងលើពូជស្រូវ២៨ពូជនៅស្ថានីយ៍ការពារដំណាំស្ទឹងមានជ័យ នារដូវវស្សាឆ្នំា១៩៩៣ (Record no. 149)
[ view plain ]
| 000 -LEADER | |
|---|---|
| fixed length control field | 00654nam a22001577a 4500 |
| 003 - CONTROL NUMBER IDENTIFIER | |
| control field | OSt |
| 005 - DATE AND TIME OF LATEST TRANSACTION | |
| control field | 20150908162057.0 |
| 008 - FIXED-LENGTH DATA ELEMENTS--GENERAL INFORMATION | |
| fixed length control field | 150908b xxu||||| |||| 00| 0 eng d |
| 040 ## - CATALOGING SOURCE | |
| Transcribing agency | RUA |
| 082 ## - DEWEY DECIMAL CLASSIFICATION NUMBER | |
| Classification number | AGR ហូ 1993 B008 Or.1 |
| 100 ## - MAIN ENTRY--PERSONAL NAME | |
| 9 (RLIN) | 167 |
| Personal name | ហូ ពុទ្ឋា |
| 245 ## - TITLE STATEMENT | |
| Title | សិក្សាការបំផ្លាញនៃមូសផ្លុងលើពូជស្រូវ២៨ពូជនៅស្ថានីយ៍ការពារដំណាំស្ទឹងមានជ័យ នារដូវវស្សាឆ្នំា១៩៩៣ |
| 260 ## - PUBLICATION, DISTRIBUTION, ETC. (IMPRINT) | |
| Place of publication, distribution, etc. | phnom penh |
| Name of publisher, distributor, etc. | RUA |
| Date of publication, distribution, etc. | 1993 |
| 300 ## - PHYSICAL DESCRIPTION | |
| Extent | 63p. |
| Dimensions | ill. |
| Size of unit | 29cm |
| 942 ## - ADDED ENTRY ELEMENTS (KOHA) | |
| Source of classification or shelving scheme | |
| Koha item type | AGR |
| Price effective from | Date last seen | Permanent Location | Not for loan | Date acquired | Source of classification or shelving scheme | Koha item type | Barcode | Lost status | Damaged status | Withdrawn status | Current Location | Full call number |
|---|---|---|---|---|---|---|---|---|---|---|---|---|
| 2015-09-08 | 2015-09-08 | Library Block B | 2015-09-08 | AGR | RUA004919 | Library Block B | AGR ហូ 1993 B008 Or.1 | |||||
| 2015-09-08 | 2015-09-08 | Library Block B | 2015-09-08 | AGR | RUA004773 | Library Block B | AGR ហូ 1993 B008 Or.2 | |||||
| 2015-09-08 | 2015-09-08 | Library Block B | 2015-09-08 | AGR | RUA005631 | Library Block B | AGR ហូ 1993 B008 Or.3 | |||||
| 2015-09-08 | 2015-09-08 | Library Block B | 2015-09-08 | AGR | RUA005317 | Library Block B | AGR ហូ 1993 B008 Or.4 | |||||
| 2015-09-08 | 2015-09-08 | Library Block B | 2015-09-08 | AGR | RUA004631 | Library Block B | AGR ហូ 1993 B008 Or.5 | |||||
| 2015-09-08 | 2015-09-08 | Library Block B | 2015-09-08 | AGR | RUA004701 | Library Block B | AGR ហូ 1993 B008 Or.6 | |||||
| 2015-09-08 | 2015-09-08 | Library Block B | 2015-09-08 | AGR | RUA005489 | Library Block B | AGR ហូ 1993 B008 Or.7 | |||||
| 2015-09-08 | 2015-09-08 | Library Block B | 2015-09-08 | AGR | RUA005902 | Library Block B | AGR ហូ 1993 B008 Or.8 | |||||
| 2015-09-08 | 2015-09-08 | Library Block B | 2015-09-08 | AGR | RUA004709 | Library Block B | AGR ហូ 1993 B008 Or.9 |